| 000 | 00329nam a22001337a 4500 | ||
|---|---|---|---|
| 999 |
_c528157 _d528157 |
||
| 003 | NUST | ||
| 038 | _aM.Ramzan | ||
| 082 |
_a628.5028 _bKHO |
||
| 100 |
_aKhopkar, S.M _919741 |
||
| 245 |
_aEnvironmental pullotion analysis / _cS.M. khopkar |
||
| 260 |
_aNew Delhi _bNew Age International _c1993 |
||
| 300 | _a244 | ||
| 942 |
_2ddc _cBK |
||